Análisis de la eficiencia del grupo turbogenerador en la planta geotérmica Miravalles II

Salvato in:
Dettagli Bibliografici
Autore principale: Castro Zamora, Mario
Natura: Libro
Pubblicazione: San José, C.R. 2000
Soggetti:
Tags: Aggiungi Tag
Nessun Tag, puoi essere il primo ad aggiungerne!!

MARC

LEADER 00000nam a2200000Ia 4500
003 009066
005 20221231144207.0
008 140114s2000 cr a m 000 ||s d
040 |c cru CEDI 
090 |a TFG 4207 
100 |a Castro Zamora, Mario   |9 8068 
245 |a Análisis de la eficiencia del grupo turbogenerador en la planta geotérmica Miravalles II  
260 |c 2000  |a  San José, C.R. 
300 |a  x, 70 hojas : ilustraciones (algunas a color)  
500 |a  Proyecto de graduación (bachillerato en ingeniería eléctrica)--Universidad de Costa Rica. Facultad de Ingeniería. Escuela de Ingeniería Eléctrica 
650 |x INSTITUTO COSTARRICENSE DE ELECTRICIDAD.. PROYECTO GEOTERMICO DE MIRAVALLES   |x ENERGIA GEOTERMICA   |x  COSTA RICA  |9 8069 
942 |c TFG 
999 |c 18239  |d 18239